000 00391nam a2200133Ia 4500
008 231129s9999||||xx |||||||||||||| ||spa||
020 _a968-18-0979-3
040 _bspa
082 _a370.15 R891p
100 _aRoyer James M.
245 0 _aPsicologí­a del aprendizaje: aplicaciones en la educación
264 _aMéxico : Limusa
942 _2ddc
_cBKS
999 _c23471
_d23471